Islamic identity and development : (Record no. 1040)

000 -LEADER
fixed length control field nam a22 a 4500
003 - CONTROL NUMBER IDENTIFIER
control field AKMAL
005 - DATE AND TIME OF LATEST TRANSACTION
control field 20170508111915.0
008 - FIXED-LENGTH DATA ELEMENTS--GENERAL INFORMATION
fixed length control field 170508s1990 my 00 eng d
015 ## - NATIONAL BIBLIOGRAPHY NUMBER
National bibliography number M91-1041
020 ## - INTERNATIONAL STANDARD BOOK NUMBER
International Standard Book Number 0415043867 (pbk.)
039 #9 - LEVEL OF BIBLIOGRAPHIC CONTROL AND CODING DETAIL [OBSOLETE]
Level of rules in bibliographic description 201010291752
Level of effort used to assign nonsubject heading access points hidayah
040 ## - CATALOGING SOURCE
Original cataloging agency AKMAL
Transcribing agency AKMAL
043 ## - GEOGRAPHIC AREA CODE
Geographic area code a-tu---
043 ## - GEOGRAPHIC AREA CODE
Geographic area code a-my---
049 00 - LOCAL HOLDINGS (OCLC)
Holding library malpma
082 04 - DEWEY DECIMAL CLASSIFICATION NUMBER
Classification number 297.19780 MEH
Edition number 22
090 00 - LOCALLY ASSIGNED LC-TYPE CALL NUMBER (OCLC); LOCAL CALL NUMBER (RLIN)
Classification number (OCLC) (R) ; Classification number, CALL (RLIN) (NR) 297.19780
Local cutter number (OCLC) ; Book number/undivided call number, CALL (RLIN) MEH
100 1# - MAIN ENTRY--PERSONAL NAME
Personal name Mehmet, Ozay
9 (RLIN) 2185
245 1# - TITLE STATEMENT
Title Islamic identity and development :
Remainder of title studies of the Islamic periphery /
Statement of responsibility, etc. Ozay Mehmet
250 ## - EDITION STATEMENT
Edition statement Paperback edition
260 ## - PUBLICATION, DISTRIBUTION, ETC.
Place of publication, distribution, etc. Kuala Lumpur :
Name of publisher, distributor, etc. Forum,
Date of publication, distribution, etc. 1990
300 ## - PHYSICAL DESCRIPTION
Extent ix, 259p. ;
Dimensions 21cm.
500 ## - GENERAL NOTE
General note Includes index
504 ## - BIBLIOGRAPHY, ETC. NOTE
Bibliography, etc. note Bibliography: p.236-247
650 ## - SUBJECT ADDED ENTRY--TOPICAL TERM
Topical term or geographic name entry element Islam and state
Geographic subdivision Turkey
9 (RLIN) 2186
650 ## - SUBJECT ADDED ENTRY--TOPICAL TERM
Topical term or geographic name entry element Islam and state
Geographic subdivision Malaysia
9 (RLIN) 1538
650 ## - SUBJECT ADDED ENTRY--TOPICAL TERM
Topical term or geographic name entry element Islam
General subdivision Economic aspects
Geographic subdivision Malaysia
9 (RLIN) 2187
650 ## - SUBJECT ADDED ENTRY--TOPICAL TERM
Topical term or geographic name entry element Islam
General subdivision Economic aspects
Geographic subdivision Turkey
9 (RLIN) 2188
942 ## - ADDED ENTRY ELEMENTS (KOHA)
Source of classification or shelving scheme
Koha item type Book
Holdings
Withdrawn status Lost status Source of classification or shelving scheme Damaged status Not for loan Collection code Home library Current library Date acquired Inventory number Total Checkouts Full call number Barcode Date last seen Price effective from Koha item type
          NON-FICTION AKMAL Melaka AKMAL Melaka 08.05.2017 200161   297.19780 MEH 201701965 08.05.2017 08.05.2017 Book
Pusat Sumber Maklumat Dato' Haji Sarmin Md Hussin, Akademi Kastam Diraja Malaysia, Melaka
Tel: 06-2331106 | Faks: 06-2313787